Catálogo
 En Linea

Blues people : (Registro nro. 42154)

Detalles MARC
000 -CABECERA
campo de control de longitud fija 00773nam a2200217 a 4500
001 - NÚMERO DE CONTROL
campo de control 000042665
005 - FECHA Y HORA DE LA ÚLTIMA TRANSACCIÓN
campo de control 20201002040318.0
008 - DATOS DE LONGITUD FIJA--INFORMACIÓN GENERAL
campo de control de longitud fija 140204s1969 sp 000 0 spa d
040 ## - FUENTE DE LA CATALOGACIÓN
Centro catalogador/agencia de origen DO-SdBNP
Lengua de catalogación spa
Centro/agencia transcriptor BNPHU
041 17 - CÓDIGO DE LENGUA
Código de lengua del texto/banda sonora o título independiente spa
Código de lengua original eng
082 ## - NÚMERO DE LA CLASIFICACIÓN DECIMAL DEWEY
Número de clasificación xxxx
Número de documento/Ítem xxxx
100 1# - ENTRADA PRINCIPAL--NOMBRE DE PERSONA
Nombre de persona Jones, Leroi,
Fechas asociadas al nombre 1934-
9 (RLIN) 69953
240 10 - TÍTULO UNIFORME
Título uniforme Blues people negro Music in white American
Lenguaje de la obra Español
245 10 - MENCIÓN DE TÍTULO
Título Blues people :
Resto del título música negra en la América blanca /
Mención de responsabilidad, etc. Leroi Jones ; traducción, Carlos Ribalta.
260 ## - PUBLICACIÓN, DISTRIBUCIÓN, ETC.
Lugar de publicación, distribución, etc. Barcelona :
Nombre del editor, distribuidor, etc. Lumen,
Fecha de publicación, distribución, etc. 1969.
300 ## - DESCRIPCIÓN FÍSICA
Extensión 301 p. ;
Dimensiones 19 cm.
490 1# - MENCIÓN DE SERIE
Mención de serie Palabra en el tiempo
Designación de volumen o secuencia 48
500 ## - NOTA GENERAL
Nota general Incluye datos biográficos del autor en la solapa de la contracubierta
700 12 - PUNTO DE ACCESO ADICIONAL--NOMBRE DE PERSONA
Nombre de persona Ribalta, Carlos
Término indicativo de función/relación tr.
9 (RLIN) 69954
830 #0 - PUNTO DE ACCESO ADICIONAL DE SERIE-TÍTULO UNIFORME
Título uniforme Palabra en el tiempo ;
Número de parte o sección de la obra 48
9 (RLIN) 69955
Existencias
Estado de retiro Estado de pérdida Restricciones de uso No para préstamo Código de colección Localización permanente Ubicación/localización actual Ubicación en estantería Fecha de adquisición Número de inventario Total de préstamos Signatura topográfica completa Código de barras Fecha visto por última vez Precio válido a partir de Tipo de ítem Koha
      Excluido de préstamo Monografías: Libros y Folletos General General En catalogación 04.02.2014 LF1   xxxx xxxx 42665-10 25.06.2020 25.06.2020 No se presta

Con tecnología Koha